| 000 | 00895cam a22002895i 4500 | ||
|---|---|---|---|
| 999 |
_c10808 _d10808 |
||
| 001 | 11805166 | ||
| 003 | EG-ScBUE | ||
| 005 | 20210110105426.0 | ||
| 008 | 991007s2000 enk g 000 1 eng d | ||
| 020 | _a0330371959 | ||
| 020 | _a9780330371957 | ||
| 040 |
_aDLC _beng _erda _cDLC _dEG-ScBUE |
||
| 082 | 0 | 4 |
_a813.54 _bGRA _222 |
| 100 | 1 |
_aGrafton, Sue, _eauthor. _934570 |
|
| 245 | 1 | 0 |
_aO is for outlaw / _cSue Grafton. |
| 264 | 1 |
_aLondon : _bPAN Books, _c2000. |
|
| 300 |
_a400 pages ; _c18 cm |
||
| 336 |
_atext _btxt _2rdacontent |
||
| 337 |
_aunmediated _bn _2rdamedia |
||
| 338 |
_avolume _bnc _2rdacarrier |
||
| 650 | 7 |
_aWomen private investigators _zCalifornia, Southern _vFiction. _2BUEsh |
|
| 650 | 7 |
_aMillhone, Kinsey (Fictitious character) _2BUEsh |
|
| 651 | 7 |
_aCalifornia, Southern _vFiction. _2BUEsh |
|
| 653 |
_bHHUUEENN _cJanuary2021 |
||
| 942 |
_2ddc _cBB |
||